Antipodes de capitales - Statistiques

Statistiques générales
  • Ce quiz a été pris 45 fois
  • Le résultat moyen est 4 sur 15
Statistiques - réponses
Antipodes Capitale Précision % Correct
Salamanque (Espagne) Wellington 52 km
88%
Xi'an (Chine) Santiago 107 km
45%
Bogota (Colombie) Jakarta 197 km
40%
Qingdao (Chine) Buenos Aires 195 km
38%
Battambang (Cambodge) Lima 117 km
35%
Asuncion (Paraguay) Taipei 85 km
33%
Quito (Equateur) Singapour 288 km
23%
Horta (Açores) Canberra 412 km
15%
Papeete (Polynésie française) Khartoum 312 km
13%
Tombouctou (Mali) Suva 216 km
13%
Kumasi (Ghana) Funafuti 222 km
10%
Honolulu (Hawaii) Gaborone 535 km
10%
Mata-Utu (Wallis et Futuna) Niamey 168 km
10%
Port-Vila (Vanuatu) Nouakchott 456 km
10%
Adamstown (Iles Pitcairn) Manama 146 km
8%
Aucun quiz correspondant
Distribution des résultats
% des personnes avec chaque résultat
Percentile par nombre de réponses
Votre historique - résultats
Vous n’avez pas pris ce quiz